La nueva era y la psicología (Registro nro. 52193)
[ vista simple ]
| 000 -LÍDER | |
|---|---|
| Campo fijo de descripción fija | 02125aab a2200193 i 4500 |
| 001 - NÚMERO DE CONTROL | |
| Campo de control | 768714001 |
| 003 - IDENTIFICADOR DEL NÚMERO DE CONTROL | |
| Campo de control | CO-MdFUSB |
| 005 - FECHA Y HORA DE LA ULTIMA TRANSACCIÓN | |
| control field | 20240422115215.0 |
| 008 - ELEMENTOS DE LONGITUD FIJA -- INFORMACIÓN GENERAL | |
| Campo fijo de descripción fija -- Información general | 221012s1996 ck ||||| |||| 00| 0 spa d |
| 040 ## - FUENTE DE CATALOGACIÓN | |
| Idioma de catalogación | spa |
| Agencia que realiza la transcripción | CO-MdFUSB |
| Agencia que realiza la modificación | CO-MdFUSB |
| 041 ## - CÓDIGO DE IDIOMA | |
| Código de idioma para texto/pista de sonido o título separado | spa |
| 100 1# - ASIENTO PRINCIPAL--NOMBRE PERSONAL | |
| Nombre personal | Romanenghi de Powell, Elsie |
| Término relacionador | autor |
| 245 13 - TÍTULO | |
| Título | La nueva era y la psicología |
| Mención de responsabilidad | / Elsie R. de Powell |
| 300 ## - DESCRIPCIÓN FÍSICA | |
| Extensión | Volumen 15, número 2 (abril - junio, 1996) páginas: 6 - 11 |
| Dimensiones | ; 27 cm |
| 520 ## - NOTA DE RESUMEN, ETC. | |
| Nota de sumario, etc. | "New Age: la moda de todos los días". Tal es el título de un artículo periodistico de dos páginas, que refleja observaciones cotidianas, actuales mayormente en el ámbito juvenil. Incluye una encuesta entre jovencitos, y las opiniones recogidas entre ellos se vuelcan en un cincuenta por ciento a favor del movimiento. El mismo artículo afirma que "de moda ha pasado a ser una constante en todos los terrenos de la vida cotidiana".<br/>Dios nos ha dado una realidad en común y modos intersubjetivos de vida que sólo se preservan si se rspestan ciertas leyes. El hombrees invento de Dios y la realidad física procede de sus manos. Ni somos seres absolutos ni podemos crear "realidades propias" en abierto desprecio de los demás.<br/>Opiniones de jóvenes: "La nueva era es una cosa muy positiva porque el hombre aprende a vivir como en sus orígenes. Eso de encontrarse así mismo es muy importante.<br/>Cuando el mensaje cristiano pierde el coraje para decir la verdad también se convierte en una fórmula para "hacer snetir bien" a la gente, en lugar de enfrentarla con un compromiso de fidelidad hacia el único ser confiable y real a quien debemos la existencia y el sentido de nuestra vida. <br/>Dios nos ha dado una realidad en común y modos intersubjetivos de vida que sólo se preservan si se respetan ciertas leyes. El hombrees invento de Dios y la realidad física procede de sus manos. Ni somos seres absolutos ni podemos crear "realidades propias" en abierto desprecio de los demás. |
| 653 ## - TÉRMINO DE INDIZACIÓN - NO CONTROLADO | |
| Término no controlado | Nueva era |
| 773 0# - ASIENTO DE ITEM FUENTE | |
| Título | Iglesia y Misión |
| Biblionumber | 49402 |
| Itemnumber | 59640 |
| Parte(s) relacionada(s) / Volumen., número. (mes año), páginas | Volumen 15, número 2 (abril - junio, 1996) páginas: 6-11 |
| Enumeración y primera página | página: 6 |
| 942 ## - TIPO DE MATERIAL (KOHA) | |
| Tipo de Item KOHA | Artículos de Revista |
No hay ítems disponibles.
